000
00259nam a22001217a 4500
008
170718b xxu||||| |||| 00| 0 eng d
041
_a
eng
080
_a
101
100
_a
23
101
_a
FIL
245
_a
STUDIES IN SPINOZA
_c
KASHAP, S.P
942
_2
udc
_c
BK
999
_c
21427
_d
21427